LIBRARY & INFORMATION CENTRE, KCAET, TAVANUR

ONLINE PUBLIC ACCESS CATALOGUE (OPAC)

Thomas alva edison / (Record no. 6344)

MARC details
000 -LEADER
fixed length control field 00417cam a2200169ua 4500
041 ## - LANGUAGE CODE
Language code of text/sound track or separate title mal
082 ## - DEWEY DECIMAL CLASSIFICATION NUMBER
Classification number 925.3
Item number CLA/TH
100 ## - MAIN ENTRY--AUTHOR NAME
Personal name Clark, Glenwood G .
245 ## - TITLE STATEMENT
Title Thomas alva edison /
260 ## - PUBLICATION, DISTRIBUTION, ETC. (IMPRINT)
Place of publication Ernamkulam :
Name of publisher Kattookaran book stall ,
Year of publication 1959.
300 ## - PHYSICAL DESCRIPTION
Number of Pages 169 ; .
942 ## - ADDED ENTRY ELEMENTS (KOHA)
Koha item type Books
Holdings
Withdrawn status Lost status Damaged status Home library Current library Date acquired Cost, normal purchase price Full call number Accession Number Koha item type
Withdrawn     KAUAET KAUAET 07/04/2012 2.00 925.3 1244 Books
free website counter